000 00289nam a22001097a 4500
008 160426b xxu||||| |||| 00| 0 eng d
020 _a0801654076
041 _aeng
080 _a618.2
245 _aNursing care of infants and children;
_cLucille F. Whaley; Donna L. Wong;
942 _2udc
_cBK
999 _c1582
_d1582